000 03061nam2a22003371 4500
001 v19\rc\1625797
005 20260520123127.0
035 _a(NLR Aleph) 005224642
090 _a5541395
_c5541395
100 _a20061002d1905 |||y0rusy50 ca
101 0 _arus
102 _aRU
105 _ay g ||||c
200 0 _aТ. 8
210 _aТула
_cтип. Е.И. Дружининой
_d1905
215 _a377 с. разд. паг.
327 1 _aСодерж.: Боярская Дума во время междуцарствия / П.И. Малицкий, М.Т. Яблочков. 9. О Ртищевых Дмитровского корня ; Поколенная роспись рода дворян Ртищевых Дмитровского корня / Н.Н. Кашкин. 10. Род дворян Яблочковых ; 11. Род дворян Папоновых ; 12. Род дворян Гвоздевых ; 13. Род дворян Шеиных. 14. Род дворян Чернопятовых / сост. дворянин Крапивенского уезда Виктор Ильич Чернопятов
461 0 _1001v19\rc\1625789
_12001#$aДворянское сословие Тульской губернии$fСост. дворянин Ефремовского уезда Михаил Тихонович Яблочков$vТ. 8
464 0 _12001#$aБоярская Дума во время междуцарствия$fП.И. Малицкий, М.Т. Яблочков
_1700#1$3RU\NLR\AUTH\77$aЯблочков$bМ.Т.$f1848-1906$gМихаил Тихонович$4070
464 0 _12001#$aО Ртищевых Дмитровского корня$aПоколенная роспись рода дворян Ртищевых Дмитровского корня$fН.Н. Кашкин
_1300##$aНа доп. тит. л.: Посвящается... памяти.. генеалога В.В. Руммеля
464 0 _12001#$aРод дворян Яблочковых$aРод дворян Папоновых$aРод дворян Гвоздевых$aРод дворян Шеиных
_1702#1$3RU\NLR\AUTH\77$aЯблочков$bМ.Т.$f1848-1906$gМихаил Тихонович$4220
_1722##$3RU\NLR\AUTH\77$aЯблочковы (род)$4570
_1722##$3RU\NLR\AUTH\77$aПапоновы (род)$4570
_1722##$3RU\NLR\AUTH\77$aГвоздевы (род)$4570
_1722##$3RU\NLR\AUTH\77$aШеины (род)$4570
464 0 _12001#$aРод дворян Чернопятовых$fсост. дворянин Крапивенского уезда Виктор Ильич Чернопятов
_1702#1$3RU\NLR\AUTH\77$aЧернопятов$bВ.И.$f1857-1935$gВиктор Ильич$4220
700 1 _aРуммель
_bВ. В.
_cРтищевы (род
_f1855-1902
_gВитольд Владиславович
_4280
_4570
801 0 _aRU
_bNLR
_c20061002
_gpsbo
801 0 _aRU
_bRuMoRGB
_c20061002
_2psbo
801 1 _aRU
_bProSoft-M
_c20061002
_2rusmarc
801 2 _aRU
_bNLR
_c20081128
_2rusmarc
852 _aNLR
_j20.75.1.1(8)
942 _cBOOK
980 _aNB